000 00761nam a2200229 a 4500
001 000020156
005 20200929170306.0
008 100723s1947 ag r 000 0 spa d
040 _aDO-SdBNP
_bspa
_cBNPHU
082 _a862.4
_bG216r, 1947
100 1 _aGarcía de la Huerta, Vicente,
_d1734-1787.
_942745
245 1 0 _aRaquel :
_bAgamenón Vengado /
_cVicente García de la Huerta ; edición Augusto Cortina.
250 _a2a ed.
260 _aBuenos Aires :
_bEspasa-Calpe,
_c1947.
300 _a164, [16] p. ;
_c18 cm.
490 1 _aAustral. Clásicos
_v684
650 4 _aTeatro español
_93071
650 4 _aLiteratura española
_9632
700 1 _aCortina, Augusto,
_eed.
_942746
830 0 _aAustral. Clásicos
_pClásicos
_v684
_942747
049 _aBNGR
999 _c19663
_d19663